Investing in Stock Markets: II Sem B.Com (Record no. 221855)
[ view plain ]
| 000 -LEADER | |
|---|---|
| fixed length control field | 00604nam a22002057a 4500 |
| 005 - DATE AND TIME OF LATEST TRANSACTION | |
| control field | 20220314103314.0 |
| 008 - FIXED-LENGTH DATA ELEMENTS--GENERAL INFORMATION | |
| fixed length control field | 220314b ||||| |||| 00| 0 eng d |
| 020 ## - INTERNATIONAL STANDARD BOOK NUMBER | |
| International Standard Book Number | 9789355401823 |
| 040 ## - CATALOGING SOURCE | |
| Transcribing agency | AL |
| 041 ## - LANGUAGE CODE | |
| Language code of text/sound track or separate title | English |
| 082 ## - DEWEY DECIMAL CLASSIFICATION NUMBER | |
| Edition number | 23 |
| Classification number | 332.6 |
| Item number | VINI |
| 100 ## - MAIN ENTRY--PERSONAL NAME | |
| Personal name | Yashmin Sofat Vinayak |
| 100 ## - MAIN ENTRY--PERSONAL NAME | |
| 9 (RLIN) | 23562 |
| 245 ## - TITLE STATEMENT | |
| Title | Investing in Stock Markets: II Sem B.Com |
| 260 ## - PUBLICATION, DISTRIBUTION, ETC. | |
| Place of publication, distribution, etc. | Ludhiana |
| Name of publisher, distributor, etc. | Kalyani Publishers |
| Date of publication, distribution, etc. | 2022 |
| 300 ## - PHYSICAL DESCRIPTION | |
| Extent | 336 p. |
| Other physical details | PB |
| Dimensions | 24x18 cm. |
| 365 ## - TRADE PRICE | |
| Price type code | 6351 |
| Price amount | ₹200.00 |
| Currency code | ₹ |
| Unit of pricing | ₹250.00 |
| Price note | 20% |
| Price effective from | 10-03-2022 |
| 650 ## - SUBJECT ADDED ENTRY--TOPICAL TERM | |
| Topical term or geographic name entry element | Investing |
| 9 (RLIN) | 23563 |
| 700 ## - ADDED ENTRY--PERSONAL NAME | |
| Personal name | VINAYAK (Yashmin Sofat) |
| 9 (RLIN) | 23564 |
| 942 ## - ADDED ENTRY ELEMENTS (KOHA) | |
| Source of classification or shelving scheme | Dewey Decimal Classification |
| Koha item type | Book |
| Withdrawn status | Lost status | Source of classification or shelving scheme | Damaged status | Not for loan | Collection code | Home library | Current library | Date acquired | Source of acquisition | Cost, normal purchase price | Total Checkouts | Full call number | Barcode | Date last seen | Cost, replacement price | Price effective from | Koha item type | Date last checked out |
|---|---|---|---|---|---|---|---|---|---|---|---|---|---|---|---|---|---|---|
| Dewey Decimal Classification | Commerce | St Aloysius Library | St Aloysius Library | 03/12/2022 | Biblios Book Point | 200.00 | 332.6 VINI | 075657 | 03/14/2022 | 250.00 | 03/14/2022 | Book | ||||||
| Dewey Decimal Classification | Commerce | St Aloysius Library | St Aloysius Library | 03/12/2022 | Biblios Book Point | 200.00 | 1 | 332.6 VINI | 075658 | 05/19/2022 | 250.00 | 03/14/2022 | Book | 05/09/2022 | ||||
| Dewey Decimal Classification | Commerce | St Aloysius Library | St Aloysius Library | 03/12/2022 | Biblios Book Point | 200.00 | 2 | 332.6 VINI | 075659 | 10/25/2024 | 250.00 | 03/14/2022 | Book | 07/22/2024 |